LEADER 00618nam a2200169 i 4500 001 000000157001 003 CaOOAMICUS 005 20150601000000.0 008 150601s1880 it u000 u ita u 013 $a134356 040 $aSeMil$bita 245 10$aVol. 1. 300 $aXXVIII, 388 p. 773 0 $aBernardino : da Siena $tPrediche volgari di San Bernardino da Siena.$dSiena : Tip. edit. all'inseg. di S. Bernardino, 1880-1888.$g1$w()31964 850 $aSeMil 852 $aSeMil$W1$xVenegono$y1$m3F II 52 FA$j108734$B108734$CSeMilBibl$Z2$F118503 $8I 996 $6245$aVol. 1$9(OLS)http://semarc/title/13429 LEADER 01010nam a2200253 i 4500 001 000000211610 003 CaOOAMICUS 005 20220912110708.0 008 120307s1956 it u000 u ita u 040 $aSeMil$bita 100 1 $aVoltaire,$d<1694-1778>.$0(OLS)http://semarc/name/2707 240 12$aL?ingénu.$0(OLS)http://semarc/title/441313 245 12$aL'ingenuo ; Cosě Santa /$cVoltaire. 264 1$aMilano :$bRizzoli,$c1956. 300 $a101 p. ;$c16 cm. 490 1 $aBiblioteca Universale Rizzoli ;$v1083. 650 4$aVoltaire <1694-1778> - Opere.$0(OLS)http://semarc/subject/763 830 0$aBiblioteca Universale Rizzoli ;$v1083.$0(OLS)http://semarc/title/7348 850 $aSeMil 852 $aSeMil$W1$xVenegono$y1$m2Q I 60$j162050$B162050$CSeMilBibl$Z2$F173632 $81 961 $aOmaggio: De Grandi don Marcello 996 $6245$aL'ingenuo ; Cosě Santa$9(OLS)http://semarc/title/305660 996 $6264$aMilano :$bRizzoli$9(OLS)http://semarc/publisher/29824